000 00811nam a22002657a 4500
001 0074
003 DO-SdBNP
005 20230511134003.0
008 151110b1999 sp | 00| 0 spa d
020 _a9788484033356
040 _aBPMSU
_bspa
_cBPMSU
082 4 _a843.5
_bS125c 1999
_222
100 1 _aSade, Marqués de
_d1740-1814.
245 1 0 _aCuentos historietas y fábulas /
_cMarqués de Sade
260 _aMadrid :
_bEdimat Libros,
_31999
300 _3272 p. ;
_c20 cm.
490 0 _aClásicos selección,
_v34
504 _aIncluye referencias bibliográficas y notas al pie de las páginas
590 _6Inventariado, 2023/VM
650 4 _aCuentos franceses
650 4 _aFábulas francesas.
650 4 _aErotismo
_vCuentos.
910 _aVMateo V. Control de calidad (BPMSU)
942 _2ddc
_cBK
999 _c8627
_d8627